Hum Donon; Part-1 (Record no. 44037)

MARC details
000 -LEADER
fixed length control field 01379njm a22003017a 4500
005 - DATE AND TIME OF LATEST TRANSACTION
control field 20100906145724.0
007 - PHYSICAL DESCRIPTION FIXED FIELD--GENERAL INFORMATION
fixed length control field sd ammalaaahaa
008 - FIXED-LENGTH DATA ELEMENTS--GENERAL INFORMATION
fixed length control field 100904t xxu||||| |||| 00| 0 hin d
028 ## - PUBLISHER NUMBER
Publisher number N. 53723
Source His Master's Voice
028 ## - PUBLISHER NUMBER
Publisher number OJE. 17058
Source His Master's Voice
028 ## - PUBLISHER NUMBER
Publisher number OJE. 17060
Source His Master's Voice
035 ## - SYSTEM CONTROL NUMBER
System control number GR-00647
040 ## - CATALOGING SOURCE
Original cataloging agency SED/VEN
100 ## - MAIN ENTRY--PERSONAL NAME
Personal name Mohammed Rafi
9 (RLIN) 1184
245 ## - TITLE STATEMENT
Title Hum Donon; Part-1
Remainder of title Hindustani /
Statement of responsibility, etc by Mohammed Rafi[and] Asha Bhosle ; Music Dtn. by Jai Dev; Lyric by Sahir
Medium [Sound Recording] :
246 ## - VARYING FORM OF TITLE
Title proper/short title हम दोनों (मोहम्मद रफ़ी)
260 ## - PUBLICATION, DISTRIBUTION, ETC. (IMPRINT)
Place of publication, distribution, etc Dum Dum, India :
Name of publisher, distributor, etc His Master's Voice
Date of publication, distribution, etc n.d.
300 ## - PHYSICAL DESCRIPTION
Extent 1 sound disc [Gramophone Recording] :
Other physical details analog, 33 1/3 rpm ;
Dimensions 10 in.
Type of unit Gramophone Records
500 ## - GENERAL NOTE
General note Brief Records
505 ## - FORMATTED CONTENTS NOTE
Formatted contents note Song Side-1; कभी खुद पे कभी हालात पे (हम दोनों) (मोहम्मद रफ़ी): Song Side-2; मैं जिन्दगी का साथ निभाता (मोहम्मद रफ़ी); Part-2
650 ## - SUBJECT ADDED ENTRY--TOPICAL TERM
Topical term or geographic name as entry element Classical Music
General subdivision Excerpts
Geographic subdivision India
9 (RLIN) 18309
700 ## - ADDED ENTRY--PERSONAL NAME
9 (RLIN) 18319
Personal name Jai Dev
700 ## - ADDED ENTRY--PERSONAL NAME
9 (RLIN) 18320
Personal name Sahir
700 ## - ADDED ENTRY--PERSONAL NAME
9 (RLIN) 18624
700 ## - ADDED ENTRY--PERSONAL NAME
9 (RLIN) 18625
942 ## - ADDED ENTRY ELEMENTS (KOHA)
Source of classification or shelving scheme Dewey Decimal Classification
Item type Gramaphone Records
Holdings
Withdrawn status Lost status Source of classification or shelving scheme Damaged status Not for loan Collection code Home library Current library Shelving location Date acquired Source of acquisition Total Checkouts Barcode Date last seen Copy number Price effective from Koha item type
    Dewey Decimal Classification   Not For Loan Non-fiction Central Library Central Library Audio Visual 06/09/2010 SED/VEN   GR-00881 06/09/2010 1 06/09/2010 Gramaphone Records

© Delhi Public Library
Hit Counter
free hit counter